|
|
|
|
| LEADER |
02139nam a2200529 a 4500 |
| 001 |
nkc20091859878 |
| 003 |
CZ PrNK |
| 005 |
20220508120326.0 |
| 007 |
ta |
| 008 |
090304s2009 xr a e f 001 0 cze |
| 015 |
|
|
|a cnb001859878
|
| 020 |
|
|
|a 978-80-251-2427-7
|q (brož.)
|
| 035 |
|
|
|a (OCoLC)320229800
|
| 040 |
|
|
|a OLA001
|b cze
|d ABA001
|
| 041 |
0 |
|
|a cze
|a eng
|
| 072 |
|
7 |
|a 811.111
|x Angličtina
|2 Konspekt
|9 11
|
| 080 |
|
|
|a 811.111
|2 MRF
|
| 080 |
|
|
|a 81'271.14
|2 MRF
|
| 080 |
|
|
|a 81'373.45
|2 MRF
|
| 080 |
|
|
|a 81'24
|2 MRF
|
| 080 |
|
|
|a (035)
|2 MRF
|
| 100 |
1 |
|
|a Poslušná, Lucie,
|d 1973-
|7 mzk2007363537
|4 aut
|
| 245 |
1 |
0 |
|a Nejčastější chyby v angličtině :
|b a jak se jich zbavit /
|c Lucie Poslušná
|
| 246 |
3 |
|
|a Nejčastější chyby v angličtině a jak se jich zbavit
|
| 250 |
|
|
|a Vyd. 1.
|
| 260 |
|
|
|a Brno :
|b Computer Press,
|c 2009
|
| 300 |
|
|
|a 120 s. :
|b il. ;
|c 23 cm
|
| 500 |
|
|
|a Obálkový podnázev: 60 krátkých lekcí, pomocí nichž odstraníte z vaší angličtiny čechismy
|
| 500 |
|
|
|a Obsahuje rejstřík
|
| 500 |
|
|
|a V původním vydání v číslování vynechány strany 98-99, v dotisku 2010 již číslovány správně (119 s., číslována i další strana na poznámky)
|
| 650 |
0 |
7 |
|a angličtina
|7 ph114056
|2 czenas
|
| 650 |
0 |
7 |
|a jazykové chyby
|7 ph138312
|2 czenas
|
| 650 |
0 |
7 |
|a jazyková interference
|7 ph121321
|2 czenas
|
| 650 |
0 |
7 |
|a studium jazyků
|7 ph162895
|2 czenas
|
| 650 |
0 |
9 |
|a English language
|2 eczenas
|
| 650 |
0 |
9 |
|a language errors
|2 eczenas
|
| 650 |
0 |
9 |
|a language interference
|2 eczenas
|
| 650 |
0 |
9 |
|a language learning
|2 eczenas
|
| 655 |
|
7 |
|a příručky
|7 fd133209
|2 czenas
|
| 655 |
|
9 |
|a handbooks and manuals
|2 eczenas
|
| 856 |
4 |
1 |
|u http://www.digitalniknihovna.cz/mzk/uuid/uuid:aa92bf30-be4d-11e3-aec3-005056827e52
|y Digitalizovaný dokument
|z dotisk
|x NDK
|
| 910 |
2 |
|
|a BOA001
|b 2-1220.227
|
| 990 |
|
|
|a BK
|
| 995 |
|
|
|a 01
|
| 991 |
|
|
|b 200903
|c NOV
|
| 996 |
6 |
|
|b 2610642614
|c 2-1220.227
|l MZK
|r Sklad / do 1 hodiny
|n 0
|p kup
|w 000932149
|u 000030
|a 1
|e BOA001
|j MZK50
|s P
|
| 996 |
7 |
|
|b 2610705560
|c 2-1220.227
|l MZK
|r Sklad / do 1 hodiny
|n 10
|p kup
|w 000932149
|u 000040
|a 1
|e BOA001
|j MZK50
|s A
|